000 00386pab a2200157 454500
008 180718b1995 xxu||||| |||| 00| 0 eng d
100 _aSubramanian, S.
245 _aLok Sabha elections
_bpolice impartiality is necessary.
260 _c1995
300 _ap.10
362 _a11 Nov
650 _aPolice - India
650 _aElections - India
773 _aTribune
909 _a30542
999 _c30542
_d30542